<?xml version="1.0" encoding="UTF-8"?>
<collection xmlns="http://www.loc.gov/MARC21/slim">
  <record>
    <leader>00000nam  2200000   4500</leader>
    <controlfield tag="001">INLIS000000000011705</controlfield>
    <controlfield tag="005">20220124010718</controlfield>
    <datafield tag="035" ind1="#" ind2="#">
      <subfield code="a">0010-0122000012</subfield>
    </datafield>
    <datafield tag="245" ind1="1" ind2="#">
      <subfield code="a">Sistem Informasi Kegiatan Pemeliharaan Kendaraan (SIKEPIK) Di Lingkungan Sekretariat Daerah Kota Balikpapan /</subfield>
      <subfield code="c">Agung Budi Wibowo, S.STP</subfield>
    </datafield>
    <datafield tag="100" ind1="1" ind2="#">
      <subfield code="a">WIBOWO, Agung Budi</subfield>
    </datafield>
    <datafield tag="250" ind1="#" ind2="#">
      <subfield code="a">1</subfield>
    </datafield>
    <datafield tag="300" ind1="#" ind2="#">
      <subfield code="a">63 halaman ; lampiran :</subfield>
      <subfield code="b">ilustrasi ;</subfield>
      <subfield code="c">30 cm</subfield>
    </datafield>
    <datafield tag="260" ind1="#" ind2="#">
      <subfield code="a">Samarinda :</subfield>
      <subfield code="b">Puslatbang KDOD,</subfield>
      <subfield code="c">2021</subfield>
    </datafield>
    <datafield tag="084" ind1="#" ind2="#">
      <subfield code="a">PKA 042 2021</subfield>
    </datafield>
    <datafield tag="650" ind1="#" ind2="#">
      <subfield code="a">Proyek Perubahan</subfield>
    </datafield>
    <datafield tag="650" ind1="#" ind2="#">
      <subfield code="a">Kepemipinan Administrasi</subfield>
    </datafield>
    <datafield tag="650" ind1="#" ind2="#">
      <subfield code="a">inovasi pemerintah</subfield>
    </datafield>
    <datafield tag="650" ind1="#" ind2="#">
      <subfield code="a">barang milik negara</subfield>
    </datafield>
    <datafield tag="650" ind1="#" ind2="#">
      <subfield code="a">pengelolaan BMN</subfield>
    </datafield>
    <datafield tag="650" ind1="#" ind2="#">
      <subfield code="a">teknologi infomasi</subfield>
    </datafield>
    <datafield tag="650" ind1="#" ind2="#">
      <subfield code="a">kendaraan dinas</subfield>
    </datafield>
    <datafield tag="650" ind1="#" ind2="#">
      <subfield code="a">teknologi informasi</subfield>
    </datafield>
    <datafield tag="650" ind1="#" ind2="#">
      <subfield code="a">aplikasi pemerintah</subfield>
    </datafield>
    <datafield tag="520" ind1="#" ind2="#">
      <subfield code="a">Laporan proyek perubahan ini merupakan salah satu strategi penyelesaian permasalahan evaluasi dan temuan komprehensif oleh APIP BPK dan Inspektorat terhadap pelaksanaan pemeliharaan aset di lingkungan Sekretariat Daerah Kota Balikpapan pada kegiatan pemeliharaan kendaraan yang memerlukan kontrol. Proyek perubahan SIKEPIK (Sistem Informasi Kegiatan Pemeliharaan Kendaraan adalah media profil kendaraan dinas diantaranya pemanfaatan atau sisa kuota BBM yang tanpa melakukan tapping sudah dapat di tampilkan, memudahkan admin dalam mengontrol penggunaan anggaran pemeliharaan dan pelaksanaan pemeliharaan, dan memiliki data lengkap mengenai pemeliharaan yang dapat diaudit dan dipertanggungjawabkan</subfield>
    </datafield>
    <datafield tag="500" ind1="#" ind2="#">
      <subfield code="a">Coach : Ika Retna Ningrum&#13;
Penguji : Windra Mariani&#13;
Mentor : Drs. H. Madram Muchyar</subfield>
    </datafield>
    <datafield tag="990" ind1="#" ind2="#">
      <subfield code="a">PKA/042/2021</subfield>
    </datafield>
  </record>
</collection>
